Sentencia dictada por D. José López-Pelegrin y Tavira, juez de Almodovar del Campo... contra Doña María Micaela Bringas y de las Barcenas... sobre reivindicaciones del dominio útil de cinco quintos de tierra / (Record no. 94018)

MARC details
000 -LEADER
campo de control de longitud fija 00637nam a2200145 i 4500
001 - NÚMERO DE CONTROL
campo de control 94018
003 - IDENTIFICADOR DE NÚMERO DE CONTROL
campo de control ES-MaACL
007 - CAMPO FIJO DE DESCRIPCIÓN FÍSICA--INFORMACIÓN GENERAL
campo de control de longitud fija t|
008 - DATOS DE LONGITUD FIJA--INFORMACIÓN GENERAL
campo de control de longitud fija 050427s1904 sp ||||1| spa d
100 1# - ENTRADA PRINCIPAL--NOMBRE DE PERSONA
Nombre de persona López-Pelegrín y Tavira, José.
9 (RLIN) 73873
245 10 - MENCIÓN DEL TÍTULO
Título Sentencia dictada por D. José López-Pelegrin y Tavira, juez de Almodovar del Campo... contra Doña María Micaela Bringas y de las Barcenas... sobre reivindicaciones del dominio útil de cinco quintos de tierra /
Mención de responsabilidad, etc. José López-Pelegrín y Tavira.
260 ## - PUBLICACIÓN, DISTRIBUCIÓN, ETC.
Lugar de publicación, distribución, etc. Madrid :
Nombre del editor, distribuidor, etc. M. Minuesa de los Ríos,
Fecha de publicación, distribución, etc. 1904.
300 ## - DESCRIPCIÓN FÍSICA
Extensión 62 p. ;
Dimensiones 24 cm.
852 ## - LOCALIZACIÓN
Ubicación ES-MaACL
Número de control de estantería L-4911(18-3)
Holdings
Estatus retirado Estado de pérdida Estado de daño No para préstamo Biblioteca de origen Biblioteca actual Ubicación en estantería Fecha de adquisición Fuente de adquisición Total de préstamos Signatura topográfica completa Código de barras Visto por última vez Precio de reemplazo Tipo de ítem Koha
        Biblioteca del Ateneo de Madrid Biblioteca del Ateneo de Madrid Depósito 2 17/01/2008     L-4911(18-3) 1098187 23/02/2023 23/02/2023 Libro impreso